000 01131nam a22002537a 4500
005 20120112143825.0
008 120112t xxu||||| |||| 00| 0 mar d
010 _aMAR-22064
020 _c175.00
_a9788174981516
035 _aMR-14722
037 _bDBAD/PUB
040 _aDPL
_bMR
082 _a891.46301
100 _aराजाध्यक्ष, विजया
_939079
245 _aहुंकार /
_cविजया राजाध्यक्ष
246 _aHunkar
_bby Vijaya Rajadhyaksh
260 _aनागपूर
_bविजय प्रकाशन
_c2011
270 _aहनुमान गल्ली,सीतीबर्डी,
_bनागपूर
_e440012
300 _a166पृ
_c21सेमी(अजिल्द)
650 _aमराठी कथासंग्रह
_946927
650 _aMarathi Short Stories
_946928
942 _2ddc
_cMR
_mराजाध्य
_h891.46301
999 _c66511
_d66511